000 00680nam a2200241Ia 4500
003 OSt
005 20220918222851.0
006 a|||||r|||| 00| 0
007 ta
008 220917b |||||||| |||| 00| 0 eng d
024 _a219,202
037 _cTextual
040 _aARTS
_cARTS
_beng
041 _2eng
_aeng
082 _aX8(J).2, P1
100 _aJodha N.S
_9144288
245 0 _aLife on the edge
_b Sustaining agriculture and community resources in fragile environments
260 _aNew York
_bOxford Uni. press
_c2001
300 _axviii, 327p
_ccm.
650 _aECONOMICS
942 _hX8(J).2, P1
_cTEXL
_2CC
999 _c276695
_d276695